Daňové priznanie k dani z príjmov právnickej osoby za zdaňovacie obdobie roka 2017

Daňové priznanie k dani z príjmov právnickej osoby za zdaňovacie obdobie roka 2017 sa podáva na novom tlačive vydanom Ministerstvom financií SR pod č. MF/016161/2017-721. Vzor DP bol ustanovený opatrením MF SR č. MF/16021/2017-721 a je uverejnený vo Finančnom spravodajcovi – položka č. 24/2017, kt...

Celý popis

Uložené v:
Podrobná bibliografia
Hlavný autor: Vanková, Lucia
Médium: Kapitola
Jazyk:Slovak
Predmet:
Tagy: Pridať tag
Žiadne tagy, Buďte prvý, kto otaguje tento záznam!

MARC

LEADER 00000naa a2200000 4500
001 0240391
005 20180221065526.3
041 0 |a slo 
044 |a SK 
245 1 0 |a Daňové priznanie k dani z príjmov právnickej osoby za zdaňovacie obdobie roka 2017  |c Lucia Vanková 
520 |a Daňové priznanie k dani z príjmov právnickej osoby za zdaňovacie obdobie roka 2017 sa podáva na novom tlačive vydanom Ministerstvom financií SR pod č. MF/016161/2017-721. Vzor DP bol ustanovený opatrením MF SR č. MF/16021/2017-721 a je uverejnený vo Finančnom spravodajcovi – položka č. 24/2017, ktorý je sprístupnený v elektronickej podobe na webovom sídle MF SR. Opatrenie nadobúda účinnosť 1. januára 2018. 
610 2 0 |a osoby právnické 
610 2 0 |a priznania daňové 
610 2 0 |a obdobie zdaňovacie 
610 2 0 |a základ dane 
610 2 0 |a základ vymeriavací 
100 1 |a Vanková, Lucia